Teacher trainees' perceptions about mentoring during teaching practice /
Saved in:
| Main Author: | |
|---|---|
| Format: | Thesis Book |
| Language: | English |
| Published: |
2002.
|
| Subjects: | |
| Tags: |
Add Tag
No Tags, Be the first to tag this record!
|
| LEADER | 00973cam a2200241 a 4500 | ||
|---|---|---|---|
| 001 | u712548 | ||
| 003 | SIRSI | ||
| 008 | 050927s2002 my t 000 0 eng m | ||
| 040 | |a UMM | ||
| 043 | |a a-my--- | ||
| 090 | |a LB7 |b UM 2002 Ros | ||
| 100 | 0 | 0 | |a Rosemary Anak Layat |
| 245 | 1 | 0 | |a Teacher trainees' perceptions about mentoring during teaching practice / |c Rosemary Anak Layat. |
| 260 | |c 2002. | ||
| 300 | |a ix, 96 leaves : |b ill. ; |c 30 cm. | ||
| 502 | |a Dissertation (M.Ed.) -- Fakulti Pendidikan, Universiti Malaya, 2003. | ||
| 504 | |a Bibliography: leaves 84-86. | ||
| 650 | 0 | |a Teachers |x Training of |z Malaysia | |
| 650 | 0 | |a Mentoring in education |z Malaysia | |
| 710 | 2 | 0 | |a Universiti Malaya. |b Fakulti Pendidikan. |
| 596 | |a 1 8 | ||
| 999 | |a LB7 UM 2002 ROS |w LC |c 1 |i A511937354 |d 19/2/2016 |e 19/2/2016 |f 24/10/2005 |g 1 |l STACKS |m P01UTAMA |n 7 |r Y |s Y |t TESIS |u 21/10/2005 | ||
| 999 | |a LB7 UM 2002 ROS |w LC |c 1 |i A516805305 |d 22/5/2018 |f 22/5/2018 |g 1 |l STACKS |m P08PENDIDI |r Y |s Y |t TESIS |u 22/5/2018 |1 AHSS | ||
